000 00565nam a2200217Ia 4500
003 OSt
005 20220928144540.0
006 a|||||r|||| 00| 0
007 ta
008 220927b |||||||| |||| 00| 0 eng d
024 _a71613
037 _cTextual
040 _aSDCL
_cSDCL
_beng
041 _2eng
_aeng
082 _aO-,6M35x, L3
100 _aBaender Paul. Ed.
_9508187
245 0 _aWhat is man
_b And other philosophical writings.
260 _c1973
942 _hO-,6M35x, L3
_cTEXL
_2CC
999 _c827750
_d827750